| 000 | 01009nam a2200289 i 4500 | ||
|---|---|---|---|
| 001 | 13110 | ||
| 003 | KOSZ 005 | ||
| 005 | 20200630132827.0 | ||
| 008 | 071113s1966 pl a f 001 0 pol | ||
| 015 | _aPB 1967/1890 | ||
| 040 |
_aWA N _cWA N _dKOSZ 005/RW |
||
| 041 | 1 |
_apol _heng |
|
| 080 | _a517 | ||
| 100 | 1 |
_aLevy, H. _d(1889-1975) _eAutor |
|
| 245 | 1 | 0 |
_aRównania różnicowe skończone / _cH. Levy, F. Lessman ; [tł. Lech Kubik]. |
| 246 | 1 |
_iTyt. oryg.: _aFinite difference equations. |
|
| 260 |
_aWarszawa : _bPaństwowe Wydawnictwo Naukowe, _c1966. |
||
| 300 |
_a326, [2] s. : _berr. ; _c23 cm. |
||
| 380 | _aKsiążki. | ||
| 504 | _aIndeks. | ||
| 650 | 4 | _aRównania różnicowe | |
| 700 | 1 |
_aLessman, Freda. _eAutor |
|
| 700 | 1 |
_aKubik, Lech Tadeusz _d(1930-1997) _eTłumaczenie |
|
| 710 | 2 |
_aPaństwowe Wydawnictwo Naukowe _4pbl. |
|
| 856 |
_uhttp://koha.tu.koszalin.pl/cgi-bin/koha/opac-detail.pl?biblionumber=13110 _yKatalog online BPK |
||
| 942 |
_2UKD _cKS |
||
| 999 |
_c13110 _d13110 |
||